00567nam a22001937a 450000500170000001000140001702000260003103500130005703700130007008200080008310000220009124500710011325000160018426000440020027000500024430000320029465000250032670000220035120100812104124.0 aENG-99687 a9788125931294c550.00 aEN-83219 bDBAD/PUB a657 aMaheshwari, S. N. aCorporate accounting /cby S. N. Maheshwari [and] S. K. Maheshwari a5th rev. ed aNew DelhibVikas Publishing Housec2009 a576, Masjid Road, JangpurabNew Delhie110014 avarious pagingsc24cm (pbk) aCorporate accounting aMaheshwari, S. K.